[Event "European Senior Team Championship 2021"]
[Site "Don Giovanni hotel, Vinohradska 2733, Prague, Czech Republic"]
[Date "2021.08.30"]
[Round "1"]
[Board "2"]
[White "Birnboim, Nathan"]
[Black "Gal, Moshe"]
[Result "0-1"]
[WhiteElo "2375"]
[BlackElo "2088"]
[PlyCount "0"]
[EventDate "2021.08.30"]
[EventType "team"]
[EventRounds "9"]
[EventCountry "ECX"]
[WhiteTeam "ISRAEL 1"]
[BlackTeam "ISRAEL 2"]

1. c4 {[%clk 1:30:35]} c5 {[%clk 1:30:41]} 2. Nf3 {[%clk 1:30:11]} Nf6
{[%clk 1:30:22]} 3. d4 {[%clk 1:26:02]} cxd4 {[%clk 1:29:09]} 4. Nxd4
{[%clk 1:26:26]} Nc6 {[%clk 1:29:02]} 5. g3 {[%clk 1:25:26]} d6 {[%clk 1:24:16]}
6. Nxc6 {[%clk 1:21:12]} bxc6 {[%clk 1:24:43]} 7. Bg2 {[%clk 1:21:33]} Qc7
{[%clk 1:19:25]} 8. O-O {[%clk 1:20:47]} g6 {[%clk 1:18:50]} 9. Bf4
{[%clk 1:15:53]} Nh5 {[%clk 1:15:00]} 10. Bd2 {[%clk 1:10:03]} Bg7
{[%clk 1:14:32]} 11. Bc3 {[%clk 1:05:39]} Nf6 {[%clk 1:12:05]} 12. c5
{[%clk 0:54:15]} d5 {[%clk 1:01:35]} 13. e4 {[%clk 0:45:58]} dxe4
{[%clk 0:57:23]} 14. Nd2 {[%clk 0:45:26]} e3 {[%clk 0:52:40]} 15. Nc4
{[%clk 0:34:48]} exf2+ {[%clk 0:47:20]} 16. Rxf2 {[%clk 0:35:07]} O-O
{[%clk 0:44:50]} 17. Be5 {[%clk 0:32:45]} Qd7 {[%clk 0:42:11]} 18. Qa4
{[%clk 0:31:00]} Nd5 {[%clk 0:40:32]} 19. Bxg7 {[%clk 0:31:07]} Kxg7
{[%clk 0:41:01]} 20. Ne5 {[%clk 0:29:11]} Qc7 {[%clk 0:40:55]} 21. Nxc6
{[%clk 0:26:02]} e6 {[%clk 0:40:10]} 22. Qd4+ {[%clk 0:25:49]} Kg8
{[%clk 0:36:56]} 23. Bxd5 {[%clk 0:25:44]} exd5 {[%clk 0:37:08]} 24. Nb4
{[%clk 0:24:28]} Be6 {[%clk 0:37:01]} 25. Nxd5 {[%clk 0:24:31]} Bxd5
{[%clk 0:37:23]} 26. Qxd5 {[%clk 0:24:55]} Rac8 {[%clk 0:36:58]} 27. b4
{[%clk 0:23:42]} h5 {[%clk 0:37:06]} 28. Raf1 {[%clk 0:23:13]} Rcd8
{[%clk 0:35:16]} 29. Rxf7 {[%clk 0:17:38]} Qxf7 {[%clk 0:35:09]}  0-1

[Event "European Senior Team Championship 2021"]
[Site "Don Giovanni hotel, Vinohradska 2733, Prague, Czech Republic"]
[Date "2021.08.30"]
[Round "1"]
[Board "3"]
[White "Segal, Yosef"]
[Black "Berkovich, Mark A"]
[Result "0-1"]
[WhiteElo "1814"]
[BlackElo "2323"]
[PlyCount "0"]
[EventDate "2021.08.30"]
[EventType "team"]
[EventRounds "9"]
[EventCountry "ECX"]
[WhiteTeam "ISRAEL 2"]
[BlackTeam "ISRAEL 1"]

1. d4 {[%clk 1:30:50]} d5 {[%clk 1:30:49]} 2. c4 {[%clk 1:31:00]} e6
{[%clk 1:31:12]} 3. Nc3 {[%clk 1:30:48]} Bb4 {[%clk 1:31:35]} 4. e3
{[%clk 1:30:49]} Nf6 {[%clk 1:31:37]} 5. Bd3 {[%clk 1:31:03]} O-O
{[%clk 1:31:39]} 6. Nge2 {[%clk 1:30:52]} dxc4 {[%clk 1:31:02]} 7. Bxc4
{[%clk 1:30:51]} e5 {[%clk 1:31:21]} 8. O-O {[%clk 1:25:40]} Nc6 {[%clk 1:31:27]}
9. d5 {[%clk 1:24:31]} Ne7 {[%clk 1:31:42]} 10. e4 {[%clk 1:23:45]} Ng6
{[%clk 1:31:35]} 11. Ng3 {[%clk 1:20:47]} a6 {[%clk 1:28:03]} 12. h3
{[%clk 1:12:16]} Bc5 {[%clk 1:20:58]} 13. Qd3 {[%clk 1:00:49]} Nf4
{[%clk 1:16:51]} 14. Bxf4 {[%clk 0:55:21]} exf4 {[%clk 1:17:14]} 15. Nge2
{[%clk 0:53:13]} Nd7 {[%clk 1:13:38]} 16. Nxf4 {[%clk 0:48:10]} Ne5
{[%clk 1:13:52]} 17. Qe2 {[%clk 0:47:09]} Qg5 {[%clk 1:12:59]} 18. Nd3
{[%clk 0:44:06]} Bxh3 {[%clk 1:12:46]}  0-1

[Event "European Senior Team Championship 2021"]
[Site "Don Giovanni hotel, Vinohradska 2733, Prague, Czech Republic"]
[Date "2021.08.30"]
[Round "1"]
[Board "4"]
[White "Lederman, Leon"]
[Black "Postolati, Alexander"]
[Result "1-0"]
[WhiteElo "2246"]
[BlackElo "1779"]
[PlyCount "0"]
[EventDate "2021.08.30"]
[EventType "team"]
[EventRounds "9"]
[EventCountry "ECX"]
[WhiteTeam "ISRAEL 1"]
[BlackTeam "ISRAEL 2"]

1. e4 {[%clk 1:30:57]} c5 {[%clk 1:30:42]} 2. Nf3 {[%clk 1:31:22]} e6
{[%clk 1:31:06]} 3. d4 {[%clk 1:31:48]} cxd4 {[%clk 1:31:30]} 4. Nxd4
{[%clk 1:32:15]} a6 {[%clk 1:31:51]} 5. Bd3 {[%clk 1:32:41]} b5 {[%clk 1:32:12]}
6. O-O {[%clk 1:32:27]} Bb7 {[%clk 1:32:32]} 7. b3 {[%clk 1:31:45]} Bc5
{[%clk 1:31:50]} 8. Bb2 {[%clk 1:32:02]} Nf6 {[%clk 1:15:52]} 9. e5
{[%clk 1:28:58]} Nd5 {[%clk 1:14:23]} 10. Qg4 {[%clk 1:27:52]} Ne7
{[%clk 1:10:18]} 11. Nd2 {[%clk 1:23:36]} h5 {[%clk 1:05:43]} 12. Qg5
{[%clk 1:20:53]} Kf8 {[%clk 0:37:51]} 13. Ne4 {[%clk 1:20:22]} Bxe4
{[%clk 0:37:11]} 14. Bxe4 {[%clk 1:20:47]} Nbc6 {[%clk 0:37:06]} 15. Rad1
{[%clk 1:14:08]} Qc7 {[%clk 0:34:28]} 16. Nxc6 {[%clk 1:10:39]} dxc6
{[%clk 0:26:28]} 17. Rd3 {[%clk 1:05:30]} b4 {[%clk 0:12:17]} 18. Rfd1
{[%clk 0:50:46]} Nd5 {[%clk 0:11:43]} 19. Rg3 {[%clk 0:48:04]} g6
{[%clk 0:10:40]} 20. Rf3 {[%clk 0:46:07]} Qe7 {[%clk 0:08:48]} 21. Qxg6
{[%clk 0:45:57]} Ke8 {[%clk 0:06:55]} 22. Qg7 {[%clk 0:43:05]} Rf8
{[%clk 0:07:00]} 23. Bc1 {[%clk 0:41:43]} Kd7 {[%clk 0:06:34]} 24. Bg5
{[%clk 0:37:36]} Rg8 {[%clk 0:02:31]} 25. Bxe7 {[%clk 0:37:53]}  1-0

[Event "European Senior Team Championship 2021"]
[Site "Don Giovanni hotel, Vinohradska 2733, Prague, Czech Republic"]
[Date "2021.08.30"]
[Round "1"]
[Board "1"]
[White "Vaisser, Anatoly"]
[Black "Nordstrom, Felix"]
[Result "1-0"]
[WhiteElo "2496"]
[BlackElo "2083"]
[PlyCount "0"]
[EventDate "2021.08.30"]
[EventType "team"]
[EventRounds "9"]
[EventCountry "ECX"]
[WhiteTeam "FRANCE"]
[BlackTeam "SWEDEN 2"]

1. b3 {[%clk 1:30:42]} e5 {[%clk 1:30:09]} 2. Bb2 {[%clk 1:31:04]} d6
{[%clk 1:30:10]} 3. g3 {[%clk 1:30:40]} Nf6 {[%clk 1:28:39]} 4. Bg2
{[%clk 1:27:01]} g6 {[%clk 1:27:39]} 5. d4 {[%clk 1:23:32]} exd4 {[%clk 1:25:58]}
6. Qxd4 {[%clk 1:21:58]} Bg7 {[%clk 1:26:09]} 7. Qe3+ {[%clk 1:18:41]} Qe7
{[%clk 1:18:16]} 8. Qxe7+ {[%clk 1:18:50]} Kxe7 {[%clk 1:18:44]} 9. Nc3
{[%clk 1:19:20]} c6 {[%clk 1:11:26]} 10. e4 {[%clk 1:18:49]} Rd8 {[%clk 1:09:59]}
11. O-O-O {[%clk 1:16:32]} Nbd7 {[%clk 1:08:03]} 12. h3 {[%clk 1:12:48]} Ne8
{[%clk 1:05:12]} 13. f4 {[%clk 1:04:11]} Nb6 {[%clk 1:00:05]} 14. Nge2
{[%clk 0:55:29]} Be6 {[%clk 0:53:43]} 15. a4 {[%clk 0:51:22]} f6 {[%clk 0:46:51]}
16. Nd4 {[%clk 0:49:56]} a5 {[%clk 0:44:46]} 17. Nxe6 {[%clk 0:45:48]} Kxe6
{[%clk 0:45:14]} 18. h4 {[%clk 0:45:09]} Kf7 {[%clk 0:37:22]} 19. h5
{[%clk 0:45:01]} Rac8 {[%clk 0:33:10]} 20. Ne2 {[%clk 0:44:36]} Rc7
{[%clk 0:27:36]} 21. Bd4 {[%clk 0:36:31]} Nc8 {[%clk 0:27:12]} 22. Bc3
{[%clk 0:32:56]} b6 {[%clk 0:27:28]} 23. Nd4 {[%clk 0:32:59]} Na7
{[%clk 0:24:14]} 24. hxg6+ {[%clk 0:31:11]} hxg6 {[%clk 0:24:35]} 25. f5
{[%clk 0:31:19]} Re7 {[%clk 0:21:38]} 26. Bf3 {[%clk 0:27:57]} gxf5
{[%clk 0:12:16]} 27. Nxf5 {[%clk 0:27:38]} Rc7 {[%clk 0:11:13]} 28. Bh5+
{[%clk 0:24:11]} Kg8 {[%clk 0:10:32]} 29. Rh4 {[%clk 0:21:05]} Nc8
{[%clk 0:09:16]} 30. Rg4 {[%clk 0:20:05]} Kf8 {[%clk 0:08:45]} 31. Rh1
{[%clk 0:18:07]} Rdd7 {[%clk 0:04:35]} 32. Bg6 {[%clk 0:14:25]} d5
{[%clk 0:02:33]} 33. Nxg7 {[%clk 0:13:02]} Nxg7 {[%clk 0:02:21]} 34. Bxf6
{[%clk 0:13:13]} Ne7 {[%clk 0:01:10]} 35. Rh8+ {[%clk 0:12:06]} Ng8
{[%clk 0:01:37]} 36. Bh7 {[%clk 0:12:17]}  1-0

[Event "European Senior Team Championship 2021"]
[Site "Don Giovanni hotel, Vinohradska 2733, Prague, Czech Republic"]
[Date "2021.08.30"]
[Round "1"]
[Board "2"]
[White "Carlsten, Peter"]
[Black "Sharif, Mehrshad"]
[Result "1/2-1/2"]
[WhiteElo "1945"]
[BlackElo "2335"]
[PlyCount "0"]
[EventDate "2021.08.30"]
[EventType "team"]
[EventRounds "9"]
[EventCountry "ECX"]
[WhiteTeam "SWEDEN 2"]
[BlackTeam "FRANCE"]

1. e4 {[%clk 1:30:55]} e6 {[%clk 1:30:53]} 2. d4 {[%clk 1:31:11]} d5
{[%clk 1:31:17]} 3. Nd2 {[%clk 1:31:15]} c5 {[%clk 1:31:25]} 4. Ngf3
{[%clk 1:29:50]} cxd4 {[%clk 1:31:29]} 5. exd5 {[%clk 1:27:10]} Qxd5
{[%clk 1:31:32]} 6. Bc4 {[%clk 1:27:26]} Qd7 {[%clk 1:31:47]} 7. O-O
{[%clk 1:27:36]} Nc6 {[%clk 1:31:45]} 8. Nb3 {[%clk 1:27:29]} a6 {[%clk 1:31:57]}
9. Nbxd4 {[%clk 1:25:53]} Nxd4 {[%clk 1:32:11]} 10. Nxd4 {[%clk 1:25:34]} Qc7
{[%clk 1:32:27]} 11. Qe2 {[%clk 1:22:50]} Bd6 {[%clk 1:31:13]} 12. h3
{[%clk 1:21:13]} Ne7 {[%clk 1:31:18]} 13. Bd3 {[%clk 1:13:02]} O-O 14. Qh5 Ng6
{[%clk 1:13:57]} 15. Nf3 {[%clk 1:08:29]} Qc5 {[%clk 1:12:05]} 16. Qxc5
{[%clk 1:08:26]} Bxc5 {[%clk 1:09:40]} 17. Re1 {[%clk 1:08:34]} b6
{[%clk 1:08:27]} 18. Be3 {[%clk 1:08:20]} Bxe3 {[%clk 1:06:34]} 19. Rxe3
{[%clk 1:08:44]} Bb7 20. Be4 {[%clk 1:08:52]} Bxe4 {[%clk 1:03:46]} 21. Rxe4
{[%clk 1:09:16]} Rfd8 {[%clk 1:03:31]} 22. g3 {[%clk 1:04:48]} Rac8 23. c3
{[%clk 1:02:51]} Kf8 {[%clk 0:56:39]} 24. Kf1 {[%clk 1:02:24]} Rd6
{[%clk 0:53:26]} 25. Ke2 {[%clk 0:51:44]} Rcd8 {[%clk 0:52:23]} 26. Rd4
{[%clk 0:49:21]} e5 {[%clk 0:46:57]} 27. Rxd6 {[%clk 0:49:20]} Rxd6
{[%clk 0:47:22]} 28. Rd1 {[%clk 0:49:35]} Rxd1 {[%clk 0:45:17]} 29. Kxd1
{[%clk 0:49:59]} Ke7 {[%clk 0:45:27]} 30. Ke2 {[%clk 0:49:43]} f6
{[%clk 0:41:53]} 31. Kd3 {[%clk 0:49:39]}  1/2-1/2

[Event "European Senior Team Championship 2021"]
[Site "Don Giovanni hotel, Vinohradska 2733, Prague, Czech Republic"]
[Date "2021.08.30"]
[Round "1"]
[Board "3"]
[White "Giffard, Nicolas"]
[Black "Dalling, Peter"]
[Result "1-0"]
[WhiteElo "2247"]
[BlackElo "1828"]
[PlyCount "0"]
[EventDate "2021.08.30"]
[EventType "team"]
[EventRounds "9"]
[EventCountry "ECX"]
[WhiteTeam "FRANCE"]
[BlackTeam "SWEDEN 2"]

1. d4 {[%clk 1:30:54]} Nf6 {[%clk 1:30:52]} 2. c4 {[%clk 1:31:17]} e6
{[%clk 1:28:50]} 3. Nf3 {[%clk 1:31:19]} d5 {[%clk 1:29:14]} 4. Nc3
{[%clk 1:30:24]} Bb4 {[%clk 1:28:25]} 5. Qa4+ {[%clk 1:30:21]} Nc6
{[%clk 1:28:48]} 6. a3 {[%clk 1:30:44]} Bxc3+ {[%clk 1:28:06]} 7. bxc3
{[%clk 1:31:07]} Bd7 {[%clk 1:27:39]} 8. cxd5 {[%clk 1:24:58]} exd5
{[%clk 1:26:17]} 9. e3 {[%clk 1:24:15]} Ne4 {[%clk 1:20:22]} 10. Qc2
{[%clk 1:22:39]} Bf5 {[%clk 1:18:51]} 11. Bd3 {[%clk 1:22:43]} O-O
{[%clk 1:17:42]} 12. c4 {[%clk 1:21:14]} Re8 {[%clk 1:17:18]} 13. cxd5
{[%clk 1:20:45]} Qxd5 {[%clk 1:17:36]} 14. O-O {[%clk 1:20:33]} Qd8
{[%clk 1:12:29]} 15. Rb1 {[%clk 1:17:06]} Rb8 {[%clk 1:12:07]} 16. Bb2
{[%clk 1:11:51]} Bg6 {[%clk 1:09:59]} 17. Rfc1 {[%clk 1:10:22]} Qd5
{[%clk 1:01:49]} 18. Ba1 {[%clk 1:06:15]} a6 {[%clk 0:58:31]} 19. Nh4
{[%clk 1:01:24]} Re7 {[%clk 0:51:00]} 20. Qxc6 {[%clk 0:57:55]} Qd8
{[%clk 0:46:57]} 21. Nxg6 {[%clk 0:56:15]} bxc6 {[%clk 0:44:52]} 22. Nxe7+
{[%clk 0:56:33]} Kf8 {[%clk 0:44:36]} 23. Nxc6 {[%clk 0:56:55]} Rxb1
{[%clk 0:44:58]} 24. Rxb1 {[%clk 0:57:18]}  1-0

[Event "European Senior Team Championship 2021"]
[Site "Don Giovanni hotel, Vinohradska 2733, Prague, Czech Republic"]
[Date "2021.08.30"]
[Round "1"]
[Board "4"]
[White "Wihlborn, Bengt"]
[Black "Boudre, Jean-Pierre"]
[Result "0-1"]
[WhiteElo "1868"]
[BlackElo "2263"]
[PlyCount "0"]
[EventDate "2021.08.30"]
[EventType "team"]
[EventRounds "9"]
[EventCountry "ECX"]
[WhiteTeam "SWEDEN 2"]
[BlackTeam "FRANCE"]

1. Nf3 {[%clk 1:30:28]} Nf6 {[%clk 1:29:46]} 2. c4 {[%clk 1:30:36]} e6
{[%clk 1:30:01]} 3. Nc3 {[%clk 1:30:36]} Bb4 {[%clk 1:30:23]} 4. Qa4
{[%clk 1:27:00]} Bxc3 {[%clk 1:23:14]} 5. bxc3 {[%clk 1:20:54]} O-O
{[%clk 1:17:52]} 6. e3 {[%clk 1:20:14]} b6 {[%clk 1:16:59]} 7. Be2
{[%clk 1:19:31]} Bb7 {[%clk 1:16:54]} 8. O-O {[%clk 1:19:08]} d6 {[%clk 1:15:44]}
9. d3 {[%clk 1:12:13]} Nbd7 {[%clk 1:10:44]} 10. Ba3 Re8 11. Nd2 {[%clk 1:07:45]}
e5 {[%clk 0:56:06]} 12. d4 {[%clk 1:05:29]} Qe7 {[%clk 0:53:01]} 13. Bf3
{[%clk 1:02:47]} e4 {[%clk 0:50:56]} 14. Be2 {[%clk 1:03:13]} c5 {[%clk 0:51:22]}
15. Rfd1 Nf8 16. h3 {[%clk 0:57:48]} Ng6 {[%clk 0:51:00]} 17. Nf1
{[%clk 0:55:38]} Nh4 {[%clk 0:34:27]} 18. Qc2 {[%clk 0:52:57]} Bc8
{[%clk 0:27:39]} 19. Bc1 Bf5 20. a4 {[%clk 0:49:58]} Qe6 {[%clk 0:27:19]} 21. a5
Bxh3 22. gxh3 {[%clk 0:48:39]} Qxh3 {[%clk 0:27:45]} 23. Bb2 {[%clk 0:47:46]}
Qg2# {[%clk 0:27:03]}  0-1

[Event "European Senior Team Championship 2021"]
[Site "Don Giovanni hotel, Vinohradska 2733, Prague, Czech Republic"]
[Date "2021.08.30"]
[Round "1"]
[Board "1"]
[White "Pacl, Vaclav"]
[Black "Hort, Vlastimil"]
[Result "1/2-1/2"]
[WhiteElo "2015"]
[BlackElo "2385"]
[PlyCount "0"]
[EventDate "2021.08.30"]
[EventType "team"]
[EventRounds "9"]
[EventCountry "ECX"]
[WhiteTeam "SK PLZEN"]
[BlackTeam "GERMANY 1"]

1. Nf3 {[%clk 1:30:54]} d5 {[%clk 1:30:32]} 2. e3 {[%clk 1:31:15]} Nf6
{[%clk 1:30:30]} 3. c4 {[%clk 1:31:41]} c6 {[%clk 1:29:31]} 4. Nc3
{[%clk 1:31:30]} g6 {[%clk 1:28:43]} 5. d4 {[%clk 1:29:36]} Bg7 {[%clk 1:29:04]}
6. Be2 {[%clk 1:29:58]} O-O {[%clk 1:27:39]} 7. O-O {[%clk 1:30:20]} Bf5
{[%clk 1:27:43]} 8. cxd5 {[%clk 1:25:09]} Nxd5 {[%clk 1:27:35]} 9. Qb3
{[%clk 1:24:26]} Nb6 {[%clk 1:25:29]} 10. Rd1 {[%clk 1:07:05]} Be6
{[%clk 1:24:55]} 11. Qc2 {[%clk 1:07:24]} Bc4 {[%clk 1:23:23]} 12. b3
{[%clk 1:02:52]} Bxe2 {[%clk 1:23:28]} 13. Nxe2 {[%clk 1:03:09]} N6d7
{[%clk 1:19:28]} 14. Bb2 {[%clk 1:00:43]} Na6 {[%clk 1:18:25]} 15. Rac1
{[%clk 0:57:02]} Rc8 {[%clk 1:17:47]} 16. Qb1 {[%clk 0:51:05]} Qb6
{[%clk 1:16:33]} 17. Nc3 {[%clk 0:48:59]} Rfd8 {[%clk 1:15:14]} 18. Qe4
{[%clk 0:40:00]} e6 {[%clk 1:14:29]} 19. Qh4 {[%clk 0:39:17]} Nb4
{[%clk 1:12:46]} 20. Ng5 {[%clk 0:33:13]} Nf8 {[%clk 1:04:39]} 21. Ba3
{[%clk 0:30:58]} a5 {[%clk 1:01:51]} 22. Nge4 {[%clk 0:26:28]} h6
{[%clk 0:57:04]} 23. Qe7 {[%clk 0:22:06]} Rd7 {[%clk 0:47:13]} 24. Qc5
{[%clk 0:17:25]} Qxc5 {[%clk 0:44:41]} 25. Nxc5 Re7 26. Bxb4 {[%clk 0:15:51]}
axb4 {[%clk 0:45:07]} 27. Ne2 {[%clk 0:14:15]} Ra8 {[%clk 0:43:49]} 28. Rd2
{[%clk 0:13:05]} e5 {[%clk 0:43:22]} 29. Nd3 {[%clk 0:12:12]} exd4
{[%clk 0:43:17]} 30. Nxd4 {[%clk 0:12:37]} Bxd4 {[%clk 0:40:15]} 31. exd4
{[%clk 0:13:05]} Re4 {[%clk 0:40:26]} 32. Nc5 {[%clk 0:10:56]} Re7
{[%clk 0:40:19]} 33. Nd3 {[%clk 0:11:24]}  1/2-1/2

[Event "European Senior Team Championship 2021"]
[Site "Don Giovanni hotel, Vinohradska 2733, Prague, Czech Republic"]
[Date "2021.08.30"]
[Round "1"]
[Board "2"]
[White "Baum, Bernd"]
[Black "Bartonicek, Zdenek"]
[Result "1-0"]
[WhiteElo "2255"]
[BlackElo "1970"]
[PlyCount "0"]
[EventDate "2021.08.30"]
[EventType "team"]
[EventRounds "9"]
[EventCountry "ECX"]
[WhiteTeam "GERMANY 1"]
[BlackTeam "SK PLZEN"]

1. g3 {[%clk 1:30:57]} g6 {[%clk 1:30:39]} 2. Bg2 {[%clk 1:30:42]} Bg7
{[%clk 1:30:52]} 3. d4 {[%clk 1:30:16]} Nf6 {[%clk 1:30:11]} 4. e4
{[%clk 1:30:19]} d6 {[%clk 1:29:46]} 5. Ne2 {[%clk 1:30:29]} O-O {[%clk 1:29:25]}
6. Nbc3 {[%clk 1:28:41]} c6 {[%clk 1:28:25]} 7. a4 {[%clk 1:28:43]} e5
{[%clk 1:25:07]} 8. h3 {[%clk 1:28:17]} Na6 {[%clk 1:23:25]} 9. O-O
{[%clk 1:27:55]} Nb4 {[%clk 1:18:28]} 10. Be3 {[%clk 1:22:13]} Nh5
{[%clk 1:12:50]} 11. g4 {[%clk 1:18:15]} Nf6 {[%clk 1:07:04]} 12. Qd2
{[%clk 1:16:03]} a5 {[%clk 1:02:46]} 13. Rad1 {[%clk 1:13:20]} Qc7
{[%clk 1:01:05]} 14. f4 {[%clk 1:03:38]} Be6 {[%clk 0:57:45]} 15. Ng3
{[%clk 0:51:38]} Bc4 {[%clk 0:45:04]} 16. Rfe1 {[%clk 0:51:27]} Be6
{[%clk 0:39:11]} 17. f5 {[%clk 0:48:45]} gxf5 {[%clk 0:37:15]} 18. Nxf5
{[%clk 0:48:07]} Bxf5 {[%clk 0:37:05]} 19. gxf5 {[%clk 0:46:25]} Nh5
{[%clk 0:36:41]} 20. Ne2 {[%clk 0:37:57]} c5 {[%clk 0:34:01]} 21. d5
{[%clk 0:34:07]} Bf6 {[%clk 0:29:04]} 22. Bf3 {[%clk 0:31:21]} Ng7
{[%clk 0:29:11]} 23. Kh1 {[%clk 0:30:15]} Kh8 {[%clk 0:29:35]} 24. Rg1
{[%clk 0:30:10]} Rg8 {[%clk 0:28:35]} 25. Nc3 {[%clk 0:30:00]} Qe7
{[%clk 0:28:12]} 26. Nb5 {[%clk 0:28:18]} Rac8 {[%clk 0:26:33]} 27. Na3
{[%clk 0:27:21]} Rcf8 {[%clk 0:26:47]} 28. Nc4 {[%clk 0:27:18]} Qc7
{[%clk 0:24:39]} 29. Bh6 {[%clk 0:22:20]} Rd8 {[%clk 0:22:34]} 30. Rg2
{[%clk 0:21:08]} Ne8 {[%clk 0:21:14]} 31. c3 {[%clk 0:19:11]} Na6
{[%clk 0:21:36]} 32. Rdg1 {[%clk 0:19:33]} Ng7 {[%clk 0:19:51]} 33. Rg4
{[%clk 0:18:18]} Qe7 {[%clk 0:16:49]} 34. Qg2 {[%clk 0:18:05]} Qf8
{[%clk 0:16:49]} 35. Nxa5 {[%clk 0:17:58]} Rd7 {[%clk 0:17:03]} 36. Be2
{[%clk 0:17:19]} Nc7 {[%clk 0:17:21]} 37. Nc4 {[%clk 0:15:22]} Nce8
{[%clk 0:16:21]} 38. Ne3 {[%clk 0:13:35]} Rd8 {[%clk 0:15:58]} 39. Qf1
{[%clk 0:10:10]} Be7 {[%clk 0:14:00]} 40. Bb5 {[%clk 0:09:24]} Bf6
{[%clk 0:09:57]} 41. R4g2 {[%clk 0:07:55]} Qe7 {[%clk 0:07:38]} 42. Bxe8
{[%clk 0:06:54]} Rdxe8 {[%clk 0:07:38]} 43. Qf3 {[%clk 0:03:33]} Ref8
{[%clk 0:25:14]} 44. Ng4 {[%clk 0:33:07]} Ne8 {[%clk 0:24:25]} 45. Bxf8
{[%clk 0:33:03]} Rxf8 {[%clk 0:24:37]} 46. Nxf6 {[%clk 0:32:51]} Qxf6
{[%clk 0:22:47]} 47. Rg4 {[%clk 0:29:32]} Qh6 {[%clk 0:22:06]} 48. Qg3
{[%clk 0:29:04]} Nf6 {[%clk 0:20:47]} 49. Rh4 {[%clk 0:29:12]}  1-0

[Event "European Senior Team Championship 2021"]
[Site "Don Giovanni hotel, Vinohradska 2733, Prague, Czech Republic"]
[Date "2021.08.30"]
[Round "1"]
[Board "4"]
[White "Kierzek, Matthias"]
[Black "Danek, Vaclav"]
[Result "1-0"]
[WhiteElo "2201"]
[BlackElo "1832"]
[PlyCount "0"]
[EventDate "2021.08.30"]
[EventType "team"]
[EventRounds "9"]
[EventCountry "ECX"]
[WhiteTeam "GERMANY 1"]
[BlackTeam "SK PLZEN"]

1. d4 {[%clk 1:30:56]} c5 {[%clk 1:30:58]} 2. d5 {[%clk 1:31:16]} e5
{[%clk 1:31:21]} 3. e4 {[%clk 1:31:34]} d6 {[%clk 1:31:44]} 4. Bb5+
{[%clk 1:31:55]} Nd7 {[%clk 1:31:55]} 5. a4 {[%clk 1:32:14]} Ngf6
{[%clk 1:31:58]} 6. Nc3 {[%clk 1:32:23]} Be7 {[%clk 1:32:02]} 7. Nf3
{[%clk 1:32:40]} O-O {[%clk 1:32:23]} 8. Nd2 {[%clk 1:31:34]} a6 {[%clk 1:32:43]}
9. Bd3 {[%clk 1:31:48]} b6 {[%clk 1:32:55]} 10. Nc4 {[%clk 1:30:37]} Ne8
{[%clk 1:33:11]} 11. h4 {[%clk 1:30:06]} g6 {[%clk 1:32:33]} 12. h5
{[%clk 1:13:48]} Bg5 {[%clk 1:31:39]} 13. hxg6 {[%clk 1:09:43]} fxg6
{[%clk 1:31:45]} 14. Ne3 {[%clk 0:59:57]} Ndf6 {[%clk 1:30:34]} 15. Qe2
{[%clk 0:57:54]} Ra7 {[%clk 1:29:37]} 16. Bd2 {[%clk 0:56:26]} Bxe3
{[%clk 1:28:20]} 17. Bxe3 {[%clk 0:56:44]} Ng4 {[%clk 1:28:41]} 18. f3
{[%clk 0:55:35]} Nxe3 {[%clk 1:28:45]} 19. Qxe3 {[%clk 0:55:58]} Qf6
{[%clk 1:28:51]} 20. Ra3 {[%clk 0:44:41]} Nc7 {[%clk 1:25:17]} 21. Nb1
{[%clk 0:41:25]} Qf4 {[%clk 1:21:58]} 22. Qxf4 {[%clk 0:41:19]} Rxf4
{[%clk 1:22:25]} 23. Nd2 {[%clk 0:41:32]} Rf6 {[%clk 1:20:51]} 24. Kf2
{[%clk 0:39:03]} Rb7 {[%clk 1:19:34]} 25. Rb1 {[%clk 0:32:13]} b5
{[%clk 1:18:17]} 26. axb5 {[%clk 0:32:19]} axb5 {[%clk 1:18:43]} 27. b4
{[%clk 0:28:54]} c4 {[%clk 1:18:35]} 28. Be2 {[%clk 0:29:15]} Bd7
{[%clk 1:18:46]} 29. Rba1 {[%clk 0:29:30]} Rf8 {[%clk 1:19:01]} 30. Ra7
{[%clk 0:27:57]} Rfb8 {[%clk 1:19:17]} 31. g3 {[%clk 0:24:55]} Kf7
{[%clk 1:19:36]} 32. f4 {[%clk 0:21:58]} exf4 {[%clk 1:18:34]} 33. gxf4
{[%clk 0:22:19]} Ke7 {[%clk 1:18:33]} 34. Bf3 {[%clk 0:14:03]} Kf6
{[%clk 1:18:51]} 35. e5+ {[%clk 0:13:26]} Ke7 36. exd6+ Kxd6 {[%clk 1:17:26]} 37.
Ne4+ {[%clk 0:13:07]}  1-0

[Event "European Senior Team Championship 2021"]
[Site "Don Giovanni hotel, Vinohradska 2733, Prague, Czech Republic"]
[Date "2021.08.30"]
[Round "1"]
[Board "1"]
[White "Renman, Nils-Gustaf"]
[Black "Vrabec, Milos"]
[Result "1-0"]
[WhiteElo "2311"]
[BlackElo "2095"]
[PlyCount "0"]
[EventDate "2021.08.30"]
[EventType "team"]
[EventRounds "9"]
[EventCountry "ECX"]
[WhiteTeam "SWEDEN 1"]
[BlackTeam "OLDEST BOYS"]

1. d4 {[%clk 1:30:56]} d5 {[%clk 1:29:19]} 2. Nf3 {[%clk 1:31:05]} Nf6
{[%clk 1:29:14]} 3. c4 {[%clk 1:31:29]} e6 {[%clk 1:29:15]} 4. Nc3
{[%clk 1:31:38]} Be7 {[%clk 1:29:03]} 5. Bg5 {[%clk 1:31:49]} Nbd7
{[%clk 1:28:52]} 6. e3 {[%clk 1:31:43]} c6 {[%clk 1:29:03]} 7. Qc2
{[%clk 1:31:52]} O-O {[%clk 1:26:59]} 8. O-O-O {[%clk 1:32:03]} Re8
{[%clk 1:16:37]} 9. Kb1 {[%clk 1:31:36]} Nf8 {[%clk 1:15:08]} 10. h4
{[%clk 1:30:09]} Qa5 {[%clk 1:07:54]} 11. h5 {[%clk 1:26:45]} dxc4
{[%clk 0:49:17]} 12. Bxf6 {[%clk 1:16:55]} Bxf6 {[%clk 0:49:26]} 13. Bxc4
{[%clk 1:17:20]} Be7 {[%clk 0:43:20]} 14. Ne5 {[%clk 1:09:56]} f6
{[%clk 0:28:23]} 15. Nd3 {[%clk 1:08:10]} Qc7 {[%clk 0:24:29]} 16. Ne4
{[%clk 1:02:48]} Kh8 {[%clk 0:22:35]} 17. f4 {[%clk 0:56:23]} b6 {[%clk 0:20:09]}
18. h6 {[%clk 0:43:16]} g6 {[%clk 0:20:20]} 19. Qc3 {[%clk 0:42:21]} Bb7
{[%clk 0:16:52]} 20. Ndf2 {[%clk 0:37:04]} Bd8 {[%clk 0:14:44]} 21. g4
{[%clk 0:35:31]} Kg8 {[%clk 0:11:05]} 22. f5 {[%clk 0:33:31]} g5 {[%clk 0:11:05]}
23. Rhf1 {[%clk 0:30:57]} Kh8 {[%clk 0:06:08]} 24. fxe6 {[%clk 0:26:14]} Nxe6
{[%clk 0:06:30]} 25. Nxf6 {[%clk 0:21:06]} Bxf6 {[%clk 0:05:36]} 26. Ne4
{[%clk 0:21:29]} Bg7 {[%clk 0:01:29]} 27. hxg7+ {[%clk 0:21:06]} Qxg7
{[%clk 0:01:49]} 28. Nd6 {[%clk 0:12:20]} Re7 {[%clk 0:01:50]} 29. Nxb7
{[%clk 0:10:07]}  1-0